[Event "SVK-chT4 A22 1718"]
[Site "Slovakia"]
[Date "2018.03.18"]
[Round "11.4"]
[White "Sandor, Stefan"]
[Black "Cerny, Patrik"]
[Result "1/2-1/2"]
[WhiteElo "1594"]
[BlackElo "1532"]
[PlyCount "177"]
[EventDate "2017.10.01"]
[EventType "team-tourn"]
[EventRounds "11"]
[EventCountry "SVK"]
[SourceTitle "EXT 2020"]
[Source "ChessBase"]
[SourceDate "2019.10.17"]
[SourceVersion "1"]
[SourceVersionDate "2019.10.17"]
[SourceQuality "1"]

1. e4 c5 2. d4 cxd4 3. Qxd4 Nc6 4. Qd3 d6 5. Nf3 g6 6. Nc3 Bg7 7. b3 Bd7 8. Bb2 Rc8 9. a3 Qc7 10. Nd5 Qa5+ 11. b4 Bxb2 12. bxa5 Bxa1 13. a6 b6 14. c4 Na5 15. Ne3 Be6 16. Qc2 Bg7 17. Be2 Nf6 18. 0-0 0-0 19. Nd5 Nxd5 20. exd5 Bxd5 21. Qa4 Bc6 22. Qd1 Rc7 23. Nd4 Bxd4 24. Qxd4 Nb3 25. Qe3 Nc5 26. Re1 Nxa6 27. Qg3 Nc5 28. Qg4 Ne4 29. h4 Nf6 30. Qg3 h5 31. f4 Bd7 32. Bd3 Bg4 33. f5 Kg7 34. fxg6 fxg6 35. Qe3 Rg8 36. Qg5 Kf7 37. Rf1 Rc5 38. Qe3 Re5 39. Qd2 Be6 40. Qd1 Rc8 41. Rf4 d5 42. cxd5 Rxd5 43. Qb1 Rg8 44. Bc4 Rd6 45. Bxe6+ Rxe6 46. Qb3 g5 47. Rf5 Rd8 48. hxg5 Rdd6 49. gxf6 exf6 50. Rf3 Kg6 51. Rg3+ Kf7 52. Re3 Ke7 53. Rxe6+ Rxe6 54. Qb4+ Kf7 55. Qc4 a5 56. Qc7+ Kg6 57. Qg3+ Kf7 58. Qb3 Ke7 59. Qf3 Kf8 60. Qxh5 Ke7 61. Qd5 Rd6 62. Qb7+ Ke6 63. Qe4+ Kf7 64. Qc4+ Ke7 65. g4 Kd7 66. Qb5+ Ke7 67. Qc4 Kd7 68. Kf2 Rc6 69. Qb3 Kc7 70. Kf3 Kd7 71. Qe3 Re6 72. Qd3+ Rd6 73. Qf5+ Kc6 74. a4 Kc7 75. Kg3 Kc6 76. Kh4 Kc7 77. Kh5 Kc6 78. Kg6 Kc7 79. Qxf6 Rxf6+ 80. Kxf6 b5 81. g5 bxa4 82. g6 a3 83. g7 a2 84. g8Q a1Q+ 85. Ke7 Qa3+ 86. Kf6 Qf3+ 87. Ke5 Qe3+ 88. Kf5 Qc5+ 89. Ke4 1/2-1/2